000 00423nam a2200181Ia 4500
001 23224
005 20260414150923.0
008 260414t2014||||xx |||||||||||||| ||spa||
041 _aESP
082 _a627.13
_bS21
100 _aSanz Pérez, Eugenio
_eAUT
245 0 _aHidráulica subterránea
_b
260 _c2014
300 _a239 páginas :
_c24 cm.
650 _a0
654 _aCIC
942 _cLIB
_dJUS
_fJUS
_2ddc
_n
999 _c23224
_d23224